|
|
|
|
| LEADER |
00000nas a22000001a 4500 |
| 001 |
vtls010301437 |
| 003 |
SK-MaSNL |
| 005 |
20260228163227.0 |
| 008 |
110810d19541954xo mr p r 0 b0slo |
| 015 |
|
|
|a SNBDS17XX9999
|
| 015 |
|
|
|a 0539
|2 Balúnová 1945-60
|
| 038 |
|
|
|a SNKBUDS
|
| 040 |
|
|
|a SNK
|b slo
|c SNK
|e AACR2
|
| 041 |
0 |
|
|a slo
|
| 044 |
|
|
|a xo
|c SK
|
| 080 |
|
|
|a 37.011
|2 2001
|
| 245 |
0 |
0 |
|a Knihovníkov poradca
|b príloha Čitateľa, mesačníka pre prácu s čitateľmi
|
| 260 |
|
|
|a Martin
|b Vydavateľstvo Osveta v Martine
|c 1954
|
| 300 |
|
|
|a 1 roč.
|c 15 x 21 cm
|
| 310 |
|
|
|a 1x mesačne
|
| 362 |
0 |
|
|a Č. 1 (jan. 1954)-č. 12 (dec. 1954)
|
| 500 |
|
|
|a Vych. v Martine mesačne vo formáte 15 x 21 cm
|
| 500 |
|
|
|a Hlav. red. Ján Irmler s red. kruhom
|
| 500 |
|
|
|a Vyd. Vydavateľstvo Osveta v Martine
|
| 500 |
|
|
|a Tlač. Severoslov. tlačiarne, n.p., zákl. záv. v Martine
|
| 501 |
|
|
|a Príloha k časopisu Čitateľ; nemá samostatnú tiráž
|
| 505 |
8 |
0 |
|g Roč. 1954 12 č. 88 s.
|
| 650 |
0 |
7 |
|a osveta
|2 SNKPH
|9 16992
|
| 650 |
0 |
7 |
|a knihovníctvo
|2 SNKPH
|9 1557
|
| 655 |
|
7 |
|a osvetové časopisy
|2 SNKBUDS
|9 265336
|
| 655 |
|
7 |
|a knihovnícke časopisy
|2 SNKBUDS
|9 273402
|
| 700 |
1 |
|
|a Irmler, Ján,
|d 1913-1974
|4 pbd
|9 10550
|
| 710 |
2 |
|
|a Osveta (vydavateľstvo : Martin, Slovensko)
|9 57502
|
| 710 |
2 |
|
|a Severoslovenské tlačiarne (Martin, Slovensko)
|4 prt
|9 245975
|
| 777 |
0 |
|
|t Čitateľ
|
| 852 |
|
|
|a SNK
|b 10000
|h ČSD 131
|
| 852 |
|
|
|a UKB
|b 300000
|h SD 3646
|
| 852 |
|
|
|a UKB
|b 300000
|h 20 D 2097
|
| 852 |
|
|
|a SVKKK
|b 900000
|h A 7
|
| 999 |
|
|
|c 9054
|d 10984
|